Tumbuhan herba : sumber perubatan tradisional yang hebat.
| Main Author: | |
|---|---|
| Format: | Book |
| Published: |
Petaling Jaya:
Golden Book Centre,
2006.
|
| Subjects: |
| LEADER | 00491cam a2200169 7i4500 | ||
|---|---|---|---|
| 001 | 0000018794 | ||
| 005 | 20070111090000.0 | ||
| 020 | 0 | 0 | |a 983-72-0554-7 |
| 090 | 0 | 0 | |a P 615.32120 |b AYO |
| 100 | 1 | 0 | |a Ayob Ismail |
| 245 | 1 | 0 | |a Tumbuhan herba : |b sumber perubatan tradisional yang hebat. |
| 260 | 0 | 0 | |a Petaling Jaya: |b Golden Book Centre, |c 2006. |
| 300 | # | # | |a 112 p. |
| 650 | 0 | 0 | |a Herbs |
| 650 | 0 | 0 | |a Traditional medicine |
| 651 | 0 | 0 | |a Malaysia |
| 999 | |a B000019719 |b Book |c Products |e Business Information Centre | ||


